| 000 | 00433nam a2200181Ia 4500 | ||
|---|---|---|---|
| 005 | 20241003030442.0 | ||
| 008 | 240331s9999 xx 000 0 und d | ||
| 020 | _a0394726472 | ||
| 082 |
_bNEW _a809 |
||
| 245 | 4 | _aThe new feminist criticism | |
| 260 |
_aNew York _bPantheon Books _c1985 |
||
| 300 | _aix, 403 p ., | ||
| 650 | _aFeminist | ||
| 650 | _aCriticism | ||
| 650 | _aGender | ||
| 700 |
_aShowalter,E. _eedt |
||
| 942 | _cL | ||
| 999 |
_c2470 _d2470 |
||